Addams Family Members Quiz Stats

 Plays Quiz Updated Apr 2, 2018

Score 0/9 Timer 01:30
3 Plays Today
Family Name % Correct
DaughterWednesday Addams
92.3%
UncleFester Frump
89.2%
CousinItt
88%
MotherMorticia Addams
87.8%
FatherGomez Addams
83.2%
ButlerLurch
79.1%
SonPugsley Addams
78.8%
ServantThing
63.2%
GrandmotherGrandmama Addams
33.9%

You're not logged in!

Compare scores with friends on all Sporcle quizzes.
OR
Log In

Sporcle TV

Today on Sporcle TV


Watch our educational content, quiz creation guides, and fun videos on Sporcle TV.

Show Comments

Extras

Top Quizzes Today


Score Distribution

Your Account Isn't Verified!

In order to create a playlist on Sporcle, you need to verify the email address you used during registration. Go to your Sporcle Settings to finish the process.

Report this User

Report this user for behavior that violates our Community Guidelines.

Details: